South African Provinces on a Map - Statistics

General Stats
  • This quiz has been taken 66 times
  • The average score is 7 of 9
Answers on the Map
Answers color-coded by a green-red scale on the quiz's map according to % correct below.
 
Answer Stats
Answer % Correct
Eastern Cape
93%
Western Cape
93%
KwaZulu-Natal
78%
Free State
74%
Northern Cape
74%
North West
74%
Gauteng
70%
Limpopo
67%
Mpumalanga
63%
No matching quizzes found
Score Distribution
Percent of People with Each Score
Percentile by Number Answered
Your Score History
You have not taken this quiz